Pays membres de la Communauté des Etats Indépendants - Statistiques

Statistiques générales
  • Ce quiz a été pris 355 fois
    211 depuis la dernière actualisation
  • Le résultat moyen est 11 sur 12
Statistiques - réponses
Pays membres de la CEI % Correct
Russie
97%
Biélorussie
93%
Kazakhstan
92%
Géorgie
90%
Ouzbékistan
90%
Ukraine
90%
Arménie
89%
Turkménistan
89%
Azerbaidjan
88%
Tadjikistan
88%
Kirghizistan
87%
Moldavie
83%
Aucun quiz correspondant
Distribution des résultats
% des personnes avec chaque résultat
Percentile par nombre de réponses
Votre historique - résultats
Vous n’avez pas pris ce quiz depuis la dernière actualisation